00407 2200157 4500001002100000008004100021035002000062245004100082100001600123260003200139300002200171020002200193084001400215082000800229990001200237INLIS000000000002819 IND  a0010-0925000166 aTak Lelah Aku MencarimucAster Putih aAster Putih aJakartabRumah Oranyec2014 a252c(13 x 19 cm) a978-602-1588-72-7 a813 AST t a813 a0755041